| 000 | 01074nam a2200229Ia 4500 | ||
|---|---|---|---|
| 003 | GCL | ||
| 008 | 140319s9999 xx 000 0 ara d | ||
| 040 |
_aGCL / _cGCL |
||
| 082 | 0 | 4 |
_a382.1 _bد أ |
| 245 | 1 | 0 |
_aالاتحاد السوفيتى والعلاقات الاقتصادية الدولية : _bمجموعة من الوثائق والمواد عن موقف الاتحاد السوفيتى من المسائل المتعلقة باعادة بناء العلاقات الاقتصادية الدولية وباقامه نظام اقتصادى دولى جديد |
| 250 | _aالاولى | ||
| 260 |
_aروسيا : _bدار التقدم ، _c1985 |
||
| 300 |
_a327 ص ؛ _c18 سم |
||
| 490 | _a | ||
| 650 | 0 | 4 | _aالتخطيط الاقتصادى |
| 650 | 0 | 4 | _aالاتحاد السوفيتى |
| 650 | 0 | 4 | _aالعلاقات الاقتصادية |
| 650 | 0 | 4 | _aالعلاقات الاقتصادية الدولية |
| 650 | 0 | 4 | _aالتبادل التجارى |
| 650 | 0 | 4 | _aالاتحاد السوفيتى - العلاقات الاقتصادية |
| 942 |
_2ddc _cBK |
||
| 999 |
_c38636 _d38636 |
||